[Event "Bouches du Rhone-ch 0203"]
[Site "Provence"]
[Date "2003.01.25"]
[Round "5"]
[White "Corrias, Robert"]
[Black "Le Mauff, Marc"]
[Result "1/2-1/2"]
[WhiteElo "1760"]
[BlackElo "1540"]
[PlyCount "61"]
[EventDate "2002.10.??"]
[EventType "swiss"]
[EventRounds "9"]
[EventCountry "FRA"]
[SourceTitle "EXT 2005"]
[Source "ChessBase"]
[SourceDate "2004.11.15"]
[SourceVersion "1"]
[SourceVersionDate "2004.11.15"]
[SourceQuality "1"]

1. e4 d6 2. d4 Nf6 3. Nc3 Nbd7 4. Nf3 e5 5. Bd3 c6 6. Be3 Be7 7. d5 0-0 8. 0-0 Ng4 9. Bd2 Nc5 10. Be2 f5 11. h3 Nf6 12. dxc6 bxc6 13. Bc4+ Kh8 14. Ng5 Qe8 15. exf5 Bxf5 16. b4 d5 17. Be2 Nce4 18. a3 Nxd2 19. Qxd2 h6 20. Nf3 Rd8 21. Nxe5 Ne4 22. Qe1 Bf6 23. f4 Bxe5 24. fxe5 Qxe5 25. Nxe4 Bxe4 26. Qd2 Rf6 27. Rxf6 Qxf6 28. c3 d4 29. cxd4 Qxd4+ 30. Qxd4 Rxd4 31. Rd1 1/2-1/2

[Event "Bouches du Rhone-ch 0203"]
[Site "Provence"]
[Date "2002.12.14"]
[Round "4"]
[White "Fabet, Olivier"]
[Black "Corrias, Robert"]
[Result "0-1"]
[WhiteElo "1750"]
[BlackElo "1770"]
[PlyCount "114"]
[EventDate "2002.10.??"]
[EventType "swiss"]
[EventRounds "9"]
[EventCountry "FRA"]
[SourceTitle "EXT 2005"]
[Source "ChessBase"]
[SourceDate "2004.11.15"]
[SourceVersion "1"]
[SourceVersionDate "2004.11.15"]
[SourceQuality "1"]

1. d4 c5 2. Bf4 cxd4 3. Bxb8 Rxb8 4. Qxd4 Qb6 5. Qxb6 axb6 6. Nc3 e6 7. a3 Be7 8. Nb5 d5 9. Nc7+ Kd8 10. Nb5 Nf6 11. Nf3 Bd7 12. e3 Ne4 13. Be2 Nd6 14. Nfd4 Nxb5 15. Bxb5 Bc8 16. 0-0 e5 17. Ne2 Be6 18. Rfd1 Kc7 19. Rac1 Rhd8 20. Rd3 Bf5 21. Rc3+ Kd6 22. Ng3 Bg6 23. e4 Rbc8 24. Rxc8 Rxc8 25. exd5 Rxc2 26. Rxc2 Bxc2 27. Bc4 b5 28. Bxb5 Kxd5 29. Be2 f5 30. Nf1 Bc5 31. Ne3+ Bxe3 32. fxe3 e4 33. Kf2 Bd3 34. Bd1 b5 35. b3 Kc5 36. Kg3 b4 37. a4 Kd5 38. Kf2 g5 39. g3 h6 40. h3 g4 41. hxg4 fxg4 42. Bxg4 Bc2 43. Bh5 Ke6 44. Bg6 Kf6 45. Bh7 Bxb3 46. Bxe4 Bxa4 47. Bb1 Ke5 48. Kf3 Bd1+ 49. Kf2 b3 50. Ke1 Bf3 51. Kd2 Be4 52. Bxe4 Kxe4 53. Kc3 Kxe3 54. Kxb3 Kf3 55. g4 Kxg4 56. Kc3 h5 57. Kd3 Kf3 0-1

[Event "Bouches du Rhone-ch 0203"]
[Site "Provence"]
[Date "2002.10.05"]
[Round "1"]
[White "Corrias, Robert"]
[Black "Cavanihac, Claude"]
[Result "1-0"]
[WhiteElo "1800"]
[BlackElo "1550"]
[PlyCount "43"]
[EventDate "2002.10.??"]
[EventType "swiss"]
[EventRounds "9"]
[EventCountry "FRA"]
[SourceTitle "EXT 2005"]
[Source "ChessBase"]
[SourceDate "2004.11.15"]
[SourceVersion "1"]
[SourceVersionDate "2004.11.15"]
[SourceQuality "1"]

1. c4 e5 2. Nc3 Nf6 3. e4 Bc5 4. Be2 d6 5. d3 Be6 6. Nf3 h6 7. a3 a6 8. Bd2 0-0 9. 0-0 Nc6 10. b4 Ba7 11. Rb1 Nd4 12. Nd5 c6 13. Ne3 Qc7 14. Nxd4 exd4 15. Ng4 Qe7 16. f4 Nxe4 17. f5 Bxc4 18. f6 Nxf6 19. Nxf6+ gxf6 20. Bxh6 Rfe8 21. Qe1 Qxe2 22. Qg3+ 1-0

[Event "FRA-chT3"]
[Site "France"]
[Date "2001.??.??"]
[Round "8"]
[White "Corrias, Robert"]
[Black "Gentilleau, Jean Philippe"]
[Result "0-1"]
[WhiteElo "1830"]
[BlackElo "2185"]
[PlyCount "36"]
[EventDate "2001.??.??"]
[EventType "team"]
[EventRounds "9"]
[EventCountry "FRA"]
[SourceTitle "EXT 2003"]
[Source "ChessBase"]
[SourceDate "2002.11.25"]
[SourceVersion "1"]
[SourceVersionDate "2002.11.25"]
[SourceQuality "1"]

1. e4 c5 2. f4 d5 3. Nc3 dxe4 4. Nxe4 Nf6 5. d3 Nc6 6. Nf3 Bg4 7. Be2 e6 8. 0-0 Be7 9. Bd2 0-0 10. Bc3 Nd5 11. Qe1 Nxf4 12. Bd1 Ng6 13. Qg3 Bxf3 14. Bxf3 Nd4 15. Bd1 f5 16. Nd2 Bf6 17. Nc4 b5 18. Nd6 Be5 0-1